Alexandre o grande (Registo nº 4106)
[ vista simples ]
| 000 -Etiqueta do registo | |
|---|---|
| Cabeçalho | 00627nam a2200217 4500 |
| 005 - Identificador da versão | |
| Campo de controlo | 20240904100826.0 |
| 010 ## - Número internacional normalizado dos livros (ISBN) | |
| Número (ISBN) | 9722617532 |
| 100 ## - Dados gerais de processamento | |
| Dados gerais de processamento | 20030722d2000 m y0pory5003 ba |
| 101 1# - Língua de publicação | |
| Língua do texto, banda sonora, etc. | Português |
| Língua do documento no original | Inglês |
| 102 ## - Pais de publicação ou produção | |
| País de publicação | Portugal |
| 200 1# - Titulo e menção de responsabilidade | |
| Título próprio | Alexandre o grande |
| Informação de outro título | a lenda de um rei guerreiro |
| Primeira menção de responsabilidade | escrito por Peter Chrisp |
| Outras menções de responsabilidade | il. por Peter Dennis |
| -- | trad. Joana Malho |
| 210 ## - Publicação, Distribuição, etc. | |
| Lugar da edição, distribuição, etc. | Porto |
| Nome do editor, distribuidor, etc. | Civilização |
| Data da publicação, distribuição, etc. | 2000 |
| 215 ## - Descrição física | |
| Indicação específica da natureza do documento e extensão da espécie | 48p. |
| Outras indicações físicas | il. |
| Dimensões | 29cm |
| 225 1# - Colecção | |
| Título próprio da colecção | Descobrir |
| 675 ## - Classificação Decimal Universal (CDU) | |
| Notação | 930:929 |
| Edição | 2 |
| Língua da edição | por |
| 700 #1 - Nome de autor-pessoa física (responsabilidade principal) | |
| Número de registo de entrada de autoridade | 0000710 |
| Palavra de ordem | Chrisp |
| Outra parte do nome não tomada para palavra de ordem | Peter |
| 702 #1 - Nome de autor-pessoa física (responsabilidade secundária) | |
| Número de registo de entrada de autoridade | 0000711 |
| Palavra de ordem | Dennis |
| Outra parte do nome não tomada para palavra de ordem | Peter |
| Código de função | Ilustrador / Técnico de desenho computorizado |
| Número de registo de entrada de autoridade | 0000712 |
| Palavra de ordem | Malho |
| Outra parte do nome não tomada para palavra de ordem | Joana |
| Código de função | Tradutor |
| 942 ## - Elementos de entrada adicionados (Koha) | |
| Tipo de item no Koha | Livro |
| Situação do levantamento | Origin of item (home branch) (coded) | Biblioteca de empréstimo | Código de barras | Cota | Circulation type (not for loan) | Tipo de documento | Nota do exemplar | Damaged status |
|---|---|---|---|---|---|---|---|---|
| Biblioteca Escolar das Vendas | Biblioteca Escolar das Vendas | BEV838 | 9UNI CHR | Livro | Sem mensagem |
